| 000 | 01060nam a22002777a 4500 | ||
|---|---|---|---|
| 003 | EG-ScBUE | ||
| 005 | 20211117105911.0 | ||
| 008 | 211117s2021 jo f 000 0 ara d | ||
| 040 |
_aEG-ScBUE _bara _erda _cEG-ScBUE _dEG-ScBUE |
||
| 043 | _af-ua--- | ||
| 082 | 0 | 4 |
_a382.60962 _bح ل م _222 |
| 100 | 1 |
_aحلمي، ضياء، _eمؤلف. |
|
| 245 | 1 | 0 |
_aنظرة اقتصادية على التصدير والاستيراد : _bمفهوم عصر جديد / _cد. ضياء حلمي. |
| 250 | _aالطبعة الأولى. | ||
| 264 | 1 |
_aعمان، الأردن : _bدار التميمي للنشر، _c2021. |
|
| 300 |
_a124 صفحة ؛ _c24 سم |
||
| 336 |
_2rdacontent _aنص _btxt |
||
| 337 |
_2rdamedia _aبدون وسيط _bn |
||
| 338 |
_2rdacarrier _aمجلد _bnc |
||
| 541 |
_cإهداء ؛ _aد. ضياء حلمي. |
||
| 650 | 7 |
_aالتصدير _xاقتصاديات _zمصر. _2BUEsh |
|
| 650 | 7 |
_aالاستيراد _xاقتصاديات _zمصر. _2BUEsh |
|
| 653 |
_bBUSECO _cNovember2021 |
||
| 655 |
_vReading book _934232 |
||
| 942 | _2ddc | ||
| 999 |
_c29672 _d29643 |
||